[Event "Jakarta op"]
[Site "Jakarta"]
[Date "2018.07.03"]
[Round "8"]
[White "Alhabsyi, Muhamad"]
[Black "Hukom, David"]
[Result "1/2-1/2"]
[WhiteElo "1989"]
[BlackElo "2074"]
[PlyCount "70"]
[EventDate "2018.06.29"]
[EventType "swiss"]
[EventRounds "9"]
[EventCountry "INA"]
[SourceTitle "CBM 185 Extra"]
[Source "ChessBase"]
[SourceDate "2018.07.29"]
[SourceVersion "1"]
[SourceVersionDate "2018.07.29"]
[SourceQuality "1"]

1. e4 e5 2. Nf3 Nc6 3. Bb5 a6 4. Ba4 Nf6 5. 0-0 Be7 6. Re1 b5 7. Bb3 0-0 8. d4 d6 9. c3 Na5 10. Bc2 Bg4 11. Be3 Nc4 12. Bc1 Nd7 13. b3 Ncb6 14. Nbd2 b4 15. cxb4 exd4 16. h3 Bh5 17. g4 Bf6 18. e5 Nxe5 19. Nxe5 dxe5 20. gxh5 d3 21. Bb2 dxc2 22. Qxc2 Nd5 23. Ne4 Nf4 24. Rad1 Qc8 25. Nxf6+ gxf6 26. Re3 Kh8 27. Kh2 Rg8 28. Qc6 Qe6 29. Qxe6 Rg2+ 30. Kh1 fxe6 31. Rf3 Rg7 32. Rxf4 exf4 33. Bxf6 Rf8 34. Bxg7+ Kxg7 35. Rd7+ Rf7 1/2-1/2

[Event "Jakarta Indonesia op 2nd"]
[Site "Jakarta"]
[Date "2012.10.17"]
[Round "9"]
[White "Hukom, David"]
[Black "Laksana, Agusta"]
[Result "0-1"]
[WhiteElo "2100"]
[BlackElo "2305"]
[PlyCount "68"]
[EventDate "2012.10.11"]
[EventType "swiss"]
[EventRounds "9"]
[EventCountry "INA"]
[SourceTitle "EXT 2013"]
[Source "ChessBase"]
[SourceDate "2012.11.22"]
[SourceVersion "1"]
[SourceVersionDate "2012.11.22"]
[SourceQuality "1"]

1. e4 c5 2. Nf3 e6 3. Nc3 a6 4. d4 cxd4 5. Nxd4 Qc7 6. Bd3 Nc6 7. Nxc6 bxc6 8. 0-0 d5 9. Qf3 Bd6 10. Re1 Ne7 11. h4 0-0 12. h5 f5 13. exd5 cxd5 14. Bg5 Nc6 15. Rad1 h6 16. Bc1 Kh8 17. Bf1 Ne5 18. Qh3 Ng4 19. Be2 d4 20. Ne4 Bb4 21. Bd2 Bxd2 22. Rxd2 Ne5 23. Ng3 Qa5 24. Red1 Qxa2 25. b3 Bb7 26. f4 Ng4 27. Bxg4 fxg4 28. Qxg4 Rf6 29. Ne2 Raf8 30. Kh2 R8f7 31. Nxd4 Rxf4 32. Qxe6 Qa5 33. Qg6 Qe5 34. g3 Rh4+ 0-1

[Event "Jakarta Indonesia op 2nd"]
[Site "Jakarta"]
[Date "2012.10.13"]
[Round "5"]
[White "Sutarno"]
[Black "Hukom, David"]
[Result "1-0"]
[WhiteElo "2252"]
[BlackElo "2100"]
[PlyCount "51"]
[EventDate "2012.10.11"]
[EventType "swiss"]
[EventRounds "9"]
[EventCountry "INA"]
[SourceTitle "EXT 2013"]
[Source "ChessBase"]
[SourceDate "2012.11.22"]
[SourceVersion "1"]
[SourceVersionDate "2012.11.22"]
[SourceQuality "1"]

1. d4 c5 2. d5 d6 3. Nc3 g6 4. e4 Bg7 5. h3 Nf6 6. Nf3 0-0 7. Be2 Na6 8. 0-0 Nc7 9. a4 Na6 10. Bf4 Nb4 11. Qd2 a6 12. Rac1 Bd7 13. e5 Ne8 14. Ne4 Bf5 15. Ng3 dxe5 16. Nxf5 gxf5 17. Bxe5 Qxd5 18. Qg5 f6 19. Qh4 Qc6 20. Bc4+ Kh8 21. Bc3 Nd6 22. Bxb4 cxb4 23. Bb3 a5 24. Qh5 Rad8 25. Nh4 h6 26. Ng6+ 1-0

[Event "Jakarta Indonesia op 2nd"]
[Site "Jakarta"]
[Date "2012.10.12"]
[Round "3"]
[White "Hartono, Rusdi"]
[Black "Hukom, David"]
[Result "0-1"]
[WhiteElo "2230"]
[BlackElo "2100"]
[PlyCount "158"]
[EventDate "2012.10.11"]
[EventType "swiss"]
[EventRounds "9"]
[EventCountry "INA"]
[SourceTitle "EXT 2013"]
[Source "ChessBase"]
[SourceDate "2012.11.22"]
[SourceVersion "1"]
[SourceVersionDate "2012.11.22"]
[SourceQuality "1"]

1. e4 e5 2. Nf3 Nc6 3. Bc4 Nf6 4. Qe2 Be7 5. 0-0 d6 6. h3 0-0 7. c3 Na5 8. Bd3 Nh5 9. Bc2 Nf4 10. Qd1 f5 11. d3 fxe4 12. dxe4 Kh8 13. Kh2 Qe8 14. Ng1 Qg6 15. g3 Nh5 16. Qe2 Be6 17. b3 Rf7 18. Be3 Raf8 19. Nd2 Bg5 20. Ndf3 Bd8 21. Rad1 Nc6 22. Nd2 Ne7 23. Ngf3 Ng8 24. Rg1 Rd7 25. Rg2 Nh6 26. Rdg1 Ng4+ 27. hxg4 Bxg4 28. Nh4 Bxh4 29. f3 Nxg3 30. Rxg3 Bxg3+ 31. Rxg3 Qh5+ 32. Kg1 Be6 33. c4 a5 34. Qg2 Qf7 35. Nf1 a4 36. Qe2 axb3 37. Bxb3 Ra8 38. Bd2 b5 39. Ne3 bxc4 40. Nxc4 Rdd8 41. Bc3 Qf4 42. Kg2 Re8 43. Qb2 Bg8 44. Bd2 Qf8 45. Kh2 Rab8 46. Qc3 Qe7 47. f4 exf4 48. Bxf4 Rf8 49. Bc1 Rf2+ 50. Kg1 Rbf8 51. Ne3 Bxb3 52. axb3 R2f3 53. Rg2 Qf6 54. Qc4 Rf2 55. Nf5 Rxg2+ 56. Kxg2 Qg6+ 57. Kh3 Qf7 58. Qc3 Qh5+ 59. Nh4 Rf7 60. Bb2 Kg8 61. Kg3 Qg5+ 62. Kh3 Qh5 63. Kg3 h6 64. Bc1 Qe2 65. Be3 h5 66. Ng2 Qg4+ 67. Kh2 Qxe4 68. Bd4 c5 69. Be3 Kh7 70. Bg5 Rf3 71. Qc4 Qf5 72. Bh4 Qd3 73. Be1 Qxb3 74. Qe4+ Kg8 75. Qh4 Rf8 76. Qxh5 Qf3 77. Qg6 d5 78. Bg3 Qf5 79. Qd6 Re8 0-1

[Event "Jakarta Telin op"]
[Site "Jakarta"]
[Date "2011.04.01"]
[Round "1"]
[White "Hukom, David"]
[Black "Zhang, Zhong"]
[Result "0-1"]
[WhiteElo "2114"]
[BlackElo "2592"]
[PlyCount "76"]
[EventDate "2011.04.01"]
[EventType "swiss"]
[EventRounds "9"]
[EventCountry "INA"]
[SourceTitle "CBM 141 Extra"]
[Source "ChessBase"]
[SourceDate "2011.05.03"]
[SourceVersion "1"]
[SourceVersionDate "2011.05.03"]
[SourceQuality "1"]

1. e4 c5 2. Nf3 Nc6 3. Nc3 d6 4. d4 cxd4 5. Nxd4 Nf6 6. Be2 e5 7. Nb3 Be7 8. 0-0 0-0 9. f4 a5 10. a4 Nb4 11. Kh1 b6 12. Be3 Bb7 13. Bf3 Qc7 14. Rc1 Rfe8 15. Qe2 Bc6 16. Qf2 Rab8 17. Nd2 Bf8 18. Qg3 Kh8 19. fxe5 dxe5 20. Bg5 Ng8 21. Bh5 g6 22. Be2 f6 23. Be3 Red8 24. Bc4 Bg7 25. Bb3 Na6 26. Nd5 Bxd5 27. Bxd5 Ne7 28. Ba2 Nc5 29. Qh4 Qc6 30. Rf3 g5 31. Qg4 Qxa4 32. Bf7 Rxd2 33. Bxd2 Nxe4 34. Be6 f5 35. Qh5 Nxd2 36. Rh3 h6 37. Qxg5 Qf4 38. Qxe7 Ne4 0-1

[Event "Kuala Lumpur op 7th"]
[Site "Kuala Lumpur"]
[Date "2010.09.04"]
[Round "5"]
[White "Hukom, David"]
[Black "Swapnil, S Dhopade"]
[Result "0-1"]
[WhiteElo "2130"]
[BlackElo "2425"]
[PlyCount "109"]
[EventDate "2010.09.01"]
[EventType "swiss"]
[EventRounds "9"]
[EventCountry "MAS"]
[SourceTitle "CBM 138 Extra"]
[Source "ChessBase"]
[SourceDate "2010.10.29"]
[SourceVersion "1"]
[SourceVersionDate "2010.10.29"]
[SourceQuality "1"]

1. e4 c6 2. d4 d5 3. exd5 cxd5 4. Bd3 Nc6 5. Nf3 Bg4 6. c3 Qc7 7. h3 Bh5 8. 0-0 e6 9. Re1 Bd6 10. Nbd2 Nf6 11. Nf1 Bg6 12. Nh4 Bxd3 13. Qxd3 0-0 14. Nf3 Rab8 15. a4 a6 16. Bg5 Nd7 17. Bh4 Na5 18. Bg3 Nc4 19. Bxd6 Qxd6 20. b3 Na5 21. N1d2 Rfc8 22. c4 dxc4 23. bxc4 Nf6 24. Ne5 Nc6 25. Ndf3 Rd8 26. Red1 Qc7 27. Qe3 Nxe5 28. Nxe5 Nd7 29. c5 Nxe5 30. dxe5 Rxd1+ 31. Rxd1 Rc8 32. f4 g6 33. Rc1 Qa5 34. Rc4 b5 35. axb5 axb5 36. Rc2 b4 37. Kh2 Qb5 38. Qd4 b3 39. Rb2 Rb8 40. Qc3 Qb4 41. Qe3 Qc4 42. c6 Rb4 43. c7 Kg7 44. c8Q Qxc8 45. Rxb3 Rc4 46. Qg3 Qd8 47. Rd3 Qe7 48. Rc3 Ra4 49. Rf3 h5 50. h4 Ra1 51. Qg5 Qa7 52. Qf6+ Kh6 53. Kg3 Ra2 54. Kh3 Qb7 55. Qd8 0-1

[Event "Kuala Lumpur op 7th"]
[Site "Kuala Lumpur"]
[Date "2010.09.01"]
[Round "1"]
[White "Hukom, David"]
[Black "Laxman, Rajaram"]
[Result "0-1"]
[WhiteElo "2130"]
[BlackElo "2498"]
[PlyCount "114"]
[EventDate "2010.09.01"]
[EventType "swiss"]
[EventRounds "9"]
[EventCountry "MAS"]
[SourceTitle "CBM 138 Extra"]
[Source "ChessBase"]
[SourceDate "2010.10.29"]
[SourceVersion "1"]
[SourceVersionDate "2010.10.29"]
[SourceQuality "1"]

1. e4 e5 2. Nf3 Nc6 3. d4 exd4 4. Bc4 Nf6 5. e5 d5 6. Bb5 Ne4 7. Nxd4 Bd7 8. Nxc6 bxc6 9. Bd3 Nc5 10. Be2 Be7 11. 0-0 0-0 12. Be3 Na4 13. b3 Nb6 14. Bd3 c5 15. c4 d4 16. Bf4 f5 17. exf6 Rxf6 18. Bg5 Rf7 19. Bxe7 Qxe7 20. Nd2 Raf8 21. Qc2 Qh4 22. Ne4 Rf5 23. g3 Qh5 24. f4 h6 25. Rae1 Kh8 26. Nf2 R5f6 27. Re5 Qf7 28. Ne4 Bh3 29. Re1 Nd7 30. Nxf6 Nxe5 31. fxe5 gxf6 32. Qd2 Kg7 33. Qf4 fxe5 34. Qxf7+ Rxf7 35. Rxe5 Rf3 36. Be2 Re3 37. Rxe3 dxe3 38. Bf1 Bg4 39. Bg2 Kf6 40. Kf1 Ke5 41. h3 Bf5 42. Ke2 Kd4 43. g4 Bb1 44. a3 Bd3+ 45. Ke1 a5 46. Bc6 Kc3 47. Ba4 Kb2 48. h4 Kxa3 49. g5 hxg5 50. hxg5 Kb4 51. Kd1 Kc3 52. Ke1 c6 53. Kd1 Be4 54. Ke2 Kd4 55. Ke1 Ke5 56. Kd1 Kf5 57. g6 Bf3+ 0-1